• 首页
  • 本馆介绍
  • 公告通知
  • 最新文献
  • 馆藏检索
  • 电子资源
  • 读者导购
  • 参考咨询
  • 我的图书馆
  • 登录
  • 详细信息显示
  • 放入我的书架
  • 预约/预借图书
  • 作者相关作品
  • 分类相关作品
  • 丛书相关作品
  • 出版社相关作品

书目信息

  • 表格格式
  • 工作单格式
  • 卡片格式
题名:
BASIC趣味程序选
    
 
作者: 谭浩强 编
分册: 三  
出版信息: 北京   清华大学出版社  1985
页数: 274页
开本: 19cm
丛书名:
单 册:
中图分类: TP31-49
科图分类:
主题词: 程序设计-BASIC语言 , 软件 , BASIC语言-程序设计
电子资源:
ISBN:
000 00713nam0 2200253 45
001 0185019912
005 20060314143519.71
010    @dCNY1.70
091    @a15235.183
100    @a19900923d1985 em y0chiy0121 ea
101 0  @achi
102    @aCN@b110000
105    @ay z 000yy
200 10 @aBASIC趣味程序选@ABASIC qu wei cheng xu xuan@h三@f谭浩强编@Ftan hao qiang bian
210    @a北京@c清华大学出版社@d1985
215    @a274页@d19cm
606    @a程序设计-BASIC语言
606 0  @a软件
606    @aBASIC语言-程序设计
690    @aTP31-49
701  0 @a谭浩强@Atan hao qiang@4编
801  2 @aCN@bNLC@c20060314
801  0 @aCN@b深圳图书馆@c20040513
905    @f1@b152196@dTP31-49@e165:3@b152198-199@f2
    
    BASIC趣味程序选.三/谭浩强编.-北京:清华大学出版社,1985
    274页;19cm
    
    
    ISBN :CNY1.70
    
●
相关链接 在E读中查询图书 在五车中查询图书 在当当中查询图书 在豆瓣中查询图书


正题名:BASIC趣味程序选     索取号:TP31-49/165:3         预约/预借

序号 登录号 条形码 馆藏地/架位号 状态 备注
1 0152196   001336405   第二样本阅览室/ [索取号:TP31-49/165:3] 在馆    
2 0152197   001341300   密集书库/ [索取号:TP31-49/165:3] 在馆    
3 0152198   001336441   第三借阅区/ [索取号:TP31-49/165:3] 在馆    
4 0152199   001336361   第三借阅区/ [索取号:TP31-49/165:3] 在馆    
欢迎您!
大连网信软件有限公司© 版权所有